| 000 | 00723nam a2200181 i 4500 | ||
|---|---|---|---|
| 001 | 21868 | ||
| 003 | ES-MaACL | ||
| 005 | 20230906152548.0 | ||
| 007 | t| | ||
| 008 | 021128s1889 sp ||||1| spa d | ||
| 100 | 1 |
_aAlcolea y Tejera, José. _919573 |
|
| 245 | 1 | 0 |
_aCatálogo de los aparatos, máquinas e instrumentos contenidos en el Gabinete de Física del Instituto Provincial de Cádiz / _cJosé Alcolea y Tejera. |
| 260 |
_aCádiz : _b[s.n.], _c1889 ( _fImp. y litogr. de la Revista Médica de Federico Joly y Velasco) |
||
| 300 |
_a46 p. ; _c19 cm. |
||
| 650 | 4 |
_aFísica- _xAparatos e instrumentos. _9155761 |
|
| 710 | 2 |
_aInstituto Provincial de Segunda Enseñanza de Cádiz. _9144996 |
|
| 852 |
_aES-MaACL _jT-715-F-1 |
||
| 999 |
_c21868 _d21868 |
||